000 00681nam a22001577a 4500
003 OSt
005 20151002144249.0
008 151002b xxu||||| |||| 00| 0 eng d
040 _cRUA
082 _aAGR EM2012 B050 Or.1
100 _91773
_aEM, VECHETH
245 _aEffect of rice husk charcoal and fertilizer on sweet corn at royal university of agriculture, ប្រសិទ្ធភាពធ្យូងអង្កាម និងជីគីមីលើដំណាំពោតផ្អែមនៅសាកលវិទ្យាល័យភូមិន្ទកសិកម្ម
260 _aPhnom Penh
_bRUA
_c2012
300 _axii; 48p.
_bill.
_c29cm.
942 _2ddc
_cAGR
999 _c1675
_d1675